Bussiness English (Registro nro. 7620)

Detalles MARC
000 -LEADER
fixed length control field 00303nim a22001217a 4500
005 - DATE AND TIME OF LATEST TRANSACTION
control field 20160209151529.0
008 - FIXED-LENGTH DATA ELEMENTS--GENERAL INFORMATION
fixed length control field 160208b xxu||||| |||| 00| 0 spa d
041 ## - LANGUAGE CODE
Language code of text/sound track or separate title spa
100 ## - AUTOR
Autor Taylor, John B
245 ## - TÍTULO
Title Bussiness English
300 ## - PHYSICAL DESCRIPTION
Number of Pages 1 CD-ROM
942 ## - ADDED ENTRY ELEMENTS (KOHA)
Koha item type Disco Compacto

No hay ítems disponibles.